Princípios de economia política e de tributacão (Record no. 45304)

MARC details
000 -Etiqueta do registo
Valores 00894nam a2200265 04500
010 ## - Número ISBN
ISBN 9789723109221
021 ## - Número do Depósito Legal
Número 392087/15
100 ## - Dados gerais de processamento
Dados gerais 20160115d2015 k y0pory50030103ba
101 1# - Língua de publicação
Língua por
102 ## - País de publicação
País PT
200 1# - Titulo e menção de responsabilidade
Título próprio Princípios de economia política e de tributacão
Primeira menção de responsabilidade David Ricardo
Outras menções de responsabilidade trad. Maria Adelaide Ferreira
205 ## - Menção da edição
Edição 4.ª ed
210 #9 - Publicação
Local de publicação Lisboa
Nome do editor Fundacão Calouste Gulbenkian,
Data de publicação 2001
215 ## - Descrição física 
Paginação / Volumes 512, [3] p., [1] f. il.
Outras indicações físicas il.
Dimensões 22 cm
225 2# - Colecção 
Título próprio da colecção Textos clássicos
225 2# - Colecção 
Título próprio da colecção Textos clássicos
304 ## - Nota relativa ao título
Texto de nota Tít. orig.: The principles of political economy and taxation
675 ## - CDU
Notação 330
Edição BN
Língua por
700 #1 - Autor principal
Apelido Ricardo,
Nome David,
Datas 1772-1823
702 #1 - Autor secundário
Apelido Ferreira,
Nome Maria Adelaide,
Datas 1941-
Função 730
801 #0 - Fonte de origem
País PT
Agência BN
Regras de catalogação RPC
856 41 - Localização e acesso electrónico 
URL <a href="http://rnod.bnportugal.gov.pt/ImagesBN/winlibimg.aspx?skey=&doc=1919827&img=71075&save=true">http://rnod.bnportugal.gov.pt/ImagesBN/winlibimg.aspx?skey=&doc=1919827&img=71075&save=true</a>
990 ## - Elementos KOHA
Tipo de documento MON
Holdings
Aquisição Empréstimo Código de barras Cota Permissão de empréstimo Tipo de documento
Biblioteca Municipal de Redondo Biblioteca Municipal de Redondo 056038 330 RIC   Livro

Powered by Koha